Неевклидова геометрия

Chi tiết về thư mục
Tác giả chính: Клейн Ф. Феликс
Tác giả khác: Брушлинский Н. К. (переводчик)
Tóm tắt:Утверждено Наркомпросом РСФСР в качестве учебного пособия для университетов.
Первый русский перевод книги : Klein F. "Vorlesungen uber Nicht-Euklidische Geometrie" (Berlin, 1928).
Ngôn ngữ:Tiếng Nga
Được phát hành: Москва, ОНТИ НКТП, 1936
Những chủ đề:
Định dạng: Sách
KOHA link:https://koha.lib.tpu.ru/cgi-bin/koha/opac-detail.pl?biblionumber=224085

MARC

LEADER 00000nam0a2200000 4500
001 224085
005 20231101230553.0
010 |b 5000 экз. 
035 |a (RuTPU)RU\TPU\book\244369 
090 |a 224085 
100 |a 20121019d1936 k y0rusy50 ca 
101 1 |a rus  |c ger 
102 |a RU 
105 |a a z 001zy 
200 1 |a Неевклидова геометрия  |f Ф. Клейн  |g пер. с нем. Н. К. Брушлинского 
210 |a Москва  |a Ленинград  |c ОНТИ НКТП  |c Главная редакция общетехнической литературы и номографии  |d 1936 
215 |a 355 с.  |c ил. 
300 |a Утверждено Наркомпросом РСФСР в качестве учебного пособия для университетов. 
300 |a Первый русский перевод книги : Klein F. "Vorlesungen uber Nicht-Euklidische Geometrie" (Berlin, 1928). 
320 |a Предметный указатель: с. 349-355. 
610 1 |a геометрия 
610 1 |a неевклидова геометрия 
675 |a 514.13  |v 3 
700 1 |a Клейн  |b Ф.  |c немецкий математик  |f 1849-1925  |g Феликс  |2 stltpush  |3 (RuTPU)RU\TPU\pers\8781  |9 1692 
702 1 |a Брушлинский  |b Н. К.  |4 730 
801 1 |a RU  |b 63413507  |c 20121019 
801 2 |a RU  |b 63413507  |c 20180613  |g RCR 
942 |c BK